| 000 | 00400 a2200145 4500 | ||
|---|---|---|---|
| 999 |
_c3198 _d3198 |
||
| 020 | _a9780199763888 | ||
| 050 | _aKD662 HON 1995 | ||
| 100 |
_aHonore, Tony _eauthor |
||
| 245 |
_aAbout law : _ban introduction / _cTony Honore |
||
| 264 |
_aOxford : _bOxford university press. _c1995 |
||
| 300 | _a112p.; | ||
| 500 | _aincludes glossary. | ||
| 650 | _aIntroduction to law | ||
| 942 |
_2lcc _cBK _h662 _iHON _kKD |
||